Länder, die an Deutschland grenzen - Statistiken

Allgemein
  • Dieses Quiz wurde 258 mal gespielt
  • Das Durchschnittsergebnis liegt bei 5 aus 9
Antwortstatistiken
Länge Land % Korrekt
817 Tschechien
85%
815 Österreich
81%
567 Niederlande
59%
460 Polen
56%
448 Frankreich
52%
67 Dänemark
43%
137 Luxemburg
41%
363 Schweiz
40%
204 Belgien
36%
Keine übereinstimmenden Quizze gefunden
Verteilung der Resultate
Anzahl Personen mit jedem Resultat
Perzentil nach korrekt beantworteten Fragen
Ihre Resultats-Entwicklung
Sie haben dieses Quiz noch nicht gespielt